000 00383nam a22001577a 4500
005 20160427112254.0
008 160427b xxu||||| |||| 00| 0 eng d
020 _a81-7808-508-9
041 _aeng
082 _b00293
100 _aPeatman, John B.
_9119
245 _aDesign with PIC Micro Controllers
260 _aNew Delhi
_bPearson Education,
_c2005
300 _a260
942 _cBK
999 _c99
_d99